| 000 | 00352nam a22001457a 4500 | ||
|---|---|---|---|
| 003 | OSt | ||
| 005 | 20160727222416.0 | ||
| 008 | 160625b xxu||||| |||| 00| 0 eng d | ||
| 040 | _cTEST | ||
| 100 |
_91124 _aDave, R |
||
| 245 | _aEnglish with a Purpose - XII | ||
| 260 |
_aNEW YORK _bNCERT _c2003 |
||
| 300 | _aEnglish with a Purpose - XII | ||
| 942 |
_2ddc _cBK |
||
| 999 |
_c908 _d908 |
||